000 00518nam a2200181Ia 4500
005 20250326142113.0
008 250326s9999 xx 000 0 und d
037 _aTextbook
040 _aFMSL
_beng
_cFMSL
041 _aeng
_2eng
084 _aX65 M5
_qFMSL
100 _aBaum W C
_9745588
245 0 _aInvesting in development : Lessons of world bank experience
_cBaum W C; Tolbert S M
260 _aUSA
_bUSA, Word Bank
_c1985
300 _a625p
942 _cTB
_hX65 M5
999 _c1293455
_d1293455